000 00375nam a2200133Ia 4500
003 GCL
008 140319s9999 xx 000 0 ara d
040 _aGCL /
_cGCL
082 0 4 _aط
_b813.087
_bا م
245 1 0 _aالصراع من اجل المملكة
260 _a[S.N] :
_bدار الفكر العربى ،
_c1989
300 _a47 ص
490 _aمغامرات فارس
_v0
999 _c58209
_d58209